[Event "15th Saint-Lo IM"]
[Site "Saint-Lo FRA"]
[Date "2013.07.14"]
[Round "9.1"]
[White "Sochacki,W"]
[Black "Dumitrache,D"]
[Result "1/2-1/2"]
[WhiteElo "2264"]
[BlackElo "2451"]

1.e4 d6 2.d4 Nf6 3.Nc3 e5 4.Nge2 Be7 5.h3 h5 6.g3 a6 7.a4 b6 8.Bg2 Nbd7 9.O-O c6
10.Be3 Bb7 11.Qd2 O-O 12.f4 Qc7 13.fxe5 dxe5 14.d5 Rac8 15.Rad1 cxd5 16.Nxd5 Bxd5
17.exd5 Bd6 18.Nc3 Rfe8 19.Kh1 e4 20.Bf4  1/2-1/2

[Event "17th Battle of Senta"]
[Site "Senta SRB"]
[Date "2013.07.14"]
[Round "2.2"]
[White "Nadj Hedjesi,B"]
[Black "Lazic,Mir"]
[Result "1/2-1/2"]
[WhiteElo "2389"]
[BlackElo "2467"]

1.e4 d6 2.d4 Nf6 3.Nc3 e5 4.dxe5 dxe5 5.Qxd8+ Kxd8 6.Bc4 Ke8 7.Nf3 Bd6 8.Bg5 Nbd7
9.O-O-O h6 10.Bh4 a6 11.a4 Rb8 12.Rhe1  1/2-1/2

[Event "XV Sant Marti Open A"]
[Site "Barcelona ESP"]
[Date "2013.07.15"]
[Round "3.45"]
[White "Castillo Escario,Y"]
[Black "Amores Gago,Javier"]
[Result "1-0"]
[WhiteElo "1997"]
[BlackElo "2167"]

1.e4 d6 2.d4 Nf6 3.Nc3 e5 4.dxe5 dxe5 5.Qxd8+ Kxd8 6.Bc4 Be6 7.Bxe6 fxe6
8.Be3 c6 9.Nf3 Bd6 10.O-O-O Ke7 11.Ng5 Bb4 12.a3 Bxc3 13.Bc5+ Ke8 14.bxc3 Nbd7
15.Bd6 h6 16.Nxe6 Kf7 17.Nc7 Rac8 18.f4 Nxe4 19.fxe5 Ndc5 20.e6+ Nxe6 21.Nxe6 Kxe6
22.Rhe1 Kf5 23.g4+ Kxg4 24.Rxe4+ Kf5 25.Re5+ Kg6 26.Rg1+ Kf6 27.Re2 Rhe8
28.Rf1+ Kg6 29.Rfe1 Rxe2 30.Rxe2 Rd8 31.Be5 Rd7 32.Rg2+ Kh7 33.Bd4 b6 34.Rd2 g5
35.Bf6 Rf7 36.Rd6 c5 37.Re6 Kg6 38.Bd8+ Kf5 39.Rxh6 Rd7 40.Bf6 Rf7 41.Bh8 g4
42.c4 Kg5 43.Rd6 Rf1+ 44.Kb2 Rf7 45.Be5 Kf5 46.Bg3 Ke4 47.c3 Rh7 48.Rg6 Kf3
49.Rc6 b5 50.Kb3 bxc4+ 51.Kxc4  1-0

[Event "XV Sant Marti Open A"]
[Site "Barcelona ESP"]
[Date "2013.07.15"]
[Round "3.19"]
[White "Cuartas,Ja"]
[Black "Basencyan,M"]
[Result "1-0"]
[WhiteElo "2484"]
[BlackElo "2130"]

1.e4 d6 2.d4 Nf6 3.Nc3 e5 4.Nf3 Nbd7 5.Bc4 Be7 6.O-O O-O 7.a4 c6 8.Re1 b6
9.h3 a6 10.b3 Qc7 11.Ba3 b5 12.dxe5 Nxe5 13.Nxe5 dxe5 14.Bxe7 Qxe7 15.axb5 cxb5
16.Bxb5 Rd8 17.Bd3 g6 18.Qc1 Nh5 19.Nd5 Qh4 20.Qh6 Be6 21.g3 Qxh3 22.Bf1 Qg4
23.Ne3 Qf3 24.Be2 Qxe4 25.Bxh5 gxh5 26.Qxh5 f6 27.Ra4 Qg6 28.Qe2 Rd6 29.Rea1 f5
30.Ng2 Bd5 31.Qxe5 Re8 32.Qf4 Re4 33.Rxe4 Bxe4 34.f3 Qf6 35.Rc1 Bc6 36.Ne3 Bd7
37.Rd1 Rxd1+ 38.Nxd1 Kg7 39.Kf2 Kg6 40.Ne3 Be6 41.Qd6 Kf7 42.f4 Qa1 43.Qc7+ Kf6
44.Qxh7 Qc1 45.Qh8+ Kf7 46.Qd4 Qh1 47.Qa7+ Kg8 48.Qxa6 Qh2+ 49.Ng2 Bd5 50.Qg6+ Kh8
51.Qf6+  1-0

[Event "12th Condom Open"]
[Site "Condom FRA"]
[Date "2013.07.15"]
[Round "4.6"]
[White "Mladenov,P"]
[Black "Verduyn,F"]
[Result "1/2-1/2"]
[WhiteElo "2405"]
[BlackElo "2150"]

1.d4 d6 2.e4 Nf6 3.Nc3 c6 4.f4 Qa5 5.Bd3 e5 6.Nf3 Bg4 7.Be3 Nbd7 8.Qd2 Bxf3
9.gxf3 Nh5 10.O-O-O Nxf4 11.Bxf4 exf4 12.Qxf4 g5 13.Qg3 O-O-O 14.Bc4 f6 15.Be6 Kb8
16.Kb1 Nb6 17.h4 Ka8 18.Rd3 h6 19.Nd1 d5 20.Ne3 Bd6 21.Qg1 Rhe8 22.Bf5 Bf4
23.b3 dxe4 24.fxe4 Bxe3 25.Qxe3 Nd5 26.Qe1 Nb4 27.a4 Qxf5 28.exf5 Rxe1+ 29.Rxe1 Nxd3
30.cxd3 gxh4 31.Re4 a5 32.Rxh4 Rd5 33.Rh5 Rxd4 34.Rxh6 Rxd3 35.Kc2 Rd6 36.Kc3 b6  1/2-1/2

[Event "8th Nana Aleksandria"]
[Site "Poti GEO"]
[Date "2013.07.15"]
[Round "3.7"]
[White "Kalashian,D"]
[Black "Nuri,M"]
[Result "0-1"]
[WhiteElo "2427"]
[BlackElo "2201"]

1.d4 d6 2.e4 Nf6 3.Nc3 e5 4.Nf3 Nbd7 5.Bc4 Be7 6.O-O O-O 7.a4 a6 8.h3 h6
9.Re1 Re8 10.Ba2 Bf8 11.Nh4 exd4 12.Qxd4 Nc5 13.b4 Ne6 14.Qc4 b5 15.axb5 axb5
16.Qd3 c5 17.Bb2 c4 18.Qd2 Nc7 19.Nf3 Bb7 20.Qf4 d5 21.e5 Ne4 22.Red1 Qe7
23.Nd4 Qxb4 24.Nxe4 dxe4 25.e6 Nxe6 26.Nxe6 Rxe6 27.Bd4 Rea6 28.Rab1 Qe7
29.Rxb5 Rxa2 30.Bc5 Qe8 31.Rxb7 Bxc5 32.Rdd7 R2a7 33.Rxf7 Rxb7 34.Rxb7 e3
35.Qxc4+ Kh8 36.Qc3 exf2+ 37.Kf1 Bd4  0-1

[Event "FIDE GP Beijing"]
[Site "Beijing CHN"]
[Date "2013.07.16"]
[Round "11.5"]
[White "Topalov,V"]
[Black "Morozevich,A"]
[Result "1-0"]
[WhiteElo "2767"]
[BlackElo "2736"]

1.e4 d6 2.d4 Nf6 3.Nc3 e5 4.Nf3 Nbd7 5.Bc4 Be7 6.O-O O-O 7.a4 c6 8.Re1 a5
9.h3 Nb6 10.Bb3 Nfd7 11.Be3 exd4 12.Nxd4 Nc5 13.Qf3 Nxb3 14.cxb3 Be6 15.Rad1 Nd7
16.Qg3 Ne5 17.Re2 Ng6 18.f4 c5 19.Nf5 Bxb3 20.Rdd2 Rc8 21.Rf2 Kh8 22.h4 Rg8
23.h5 Nf8 24.Nxd6 Bxd6 25.e5 f5 26.Rxd6 Qe8 27.Qh3 Be6 28.Rfd2 h6 29.Nb5 Nd7
30.Qf3 b6 31.Qd1 Nf8 32.Rxb6 Qe7 33.Qf3 Nd7 34.Rb7 Rb8 35.Ra7 Rgd8 36.Rd6 Qf7
37.Nc7 Bc4 38.e6 Qe7 39.Rxd7 Rxd7 40.exd7 Qxd7 41.Nb5 Qe6 42.Qg3  1-0

[Event "Minsk Open 2013"]
[Site "Minsk BLR"]
[Date "2013.07.16"]
[Round "4.9"]
[White "Nozdrachev,V"]
[Black "Filipets,Egor"]
[Result "1-0"]
[WhiteElo "2463"]
[BlackElo "2076"]

1.e4 d6 2.d4 Nf6 3.Nc3 Nbd7 4.g3 e5 5.Nge2 c6 6.Bg2 Qc7 7.O-O Be7 8.a4 O-O
9.h3 Rd8 10.f4 Nf8 11.Be3 Be6 12.d5 Bd7 13.f5 h6 14.g4 N6h7 15.Qe1 Bg5 16.Bf2 cxd5
17.exd5 Qc4 18.b3 Qb4 19.Nb5 Qxe1 20.Rfxe1 Bxb5 21.axb5 Rdc8 22.Ra2 Bd8 23.Rea1 Nd7
24.c3 Bb6 25.Bxb6 Nxb6 26.Rxa7 Nf6 27.c4 Nfd7 28.Nc3 Nc5 29.Rxa8 Nxa8 30.b4 Nb3
31.Ra3 Nd4 32.Ne4 Nb6 33.Nxd6  1-0

[Event "10th South Wales Int 2013"]
[Site "Penarth WLS"]
[Date "2013.07.16"]
[Round "5.3"]
[White "Petrov,Marij"]
[Black "Cooksey,P"]
[Result "1-0"]
[WhiteElo "2478"]
[BlackElo "2293"]

1.e4 d6 2.d4 Nf6 3.Nc3 e5 4.Nf3 Nbd7 5.Bc4 Be7 6.O-O O-O 7.Re1 c6 8.a4 b6
9.b3 a6 10.Bb2 Bb7 11.Bd3 Qc7 12.Ne2 Rfe8 13.Ng3 Bf8 14.Qd2 g6 15.a5 b5 16.c4 Bg7
17.Rac1 bxc4 18.Bxc4 exd4 19.Bxd4 Ne5 20.Nxe5 dxe5 21.Bb6 Qd7 22.Qa2 Bc8
23.Red1 Qe7 24.Bc5 Qb7 25.Rd6 Be6 26.Bxe6 Rxe6 27.Rxe6 fxe6 28.b4 Kf7 29.Rd1 Bf8
30.Bxf8 Rxf8 31.Rd6 Qe7 32.Rxc6 Rb8 33.Rxa6 Rxb4 34.Rb6 Rxb6 35.axb6 Nd7
36.Qa7 Qd6 37.b7 Ke7 38.h4 Qb8 39.Qxb8 Nxb8 40.h5 Kd6 41.Kh2 Kc7 42.Kh3 gxh5
43.Nxh5 Nd7 44.Kg4 Kxb7 45.Kg5 Kc6 46.Nf6 Nf8 47.Kh6 Kc5 48.Nxh7 Nd7 49.g4  1-0

[Event "8th Nana Aleksandria"]
[Site "Poti GEO"]
[Date "2013.07.16"]
[Round "4.3"]
[White "Quparadze,G"]
[Black "Gamzardia,G"]
[Result "1-0"]
[WhiteElo "2497"]
[BlackElo "2156"]

1.e4 d6 2.d4 Nf6 3.Nc3 e5 4.Nf3 exd4 5.Nxd4 Be7 6.g3 O-O 7.Bg2 c5 8.Nde2 Nc6
9.O-O Rb8 10.a4 a6 11.h3 Nb4 12.g4 Re8 13.Ng3 Bf8 14.Bf4 Be6 15.Qd2 Nd7 16.Rad1 Ne5
17.Nf5 Qb6 18.b3 Rbd8 19.Bg3 c4 20.Nd4 cxb3 21.cxb3 Ned3 22.Nxe6 fxe6 23.Na2 e5
24.Nxb4 Nxb4 25.Kh1 Rc8 26.Rc1 Be7 27.Rfd1 h6 28.h4 Rxc1 29.Rxc1 Qd4 30.Qe2 Qd3
31.Bf1 Qxe2 32.Bxe2 Bd8 33.Rc8 Kf8 34.Rb8 b6 35.f3 Nc6 36.Rc8 Nd4 37.Bxa6 Be7
38.Rc3 b5 39.Bf2 bxa4 40.bxa4 Ra8 41.Rc8+ Rxc8 42.Bxc8 Bd8 43.Kg2 Ba5 44.Ba6 Ke7
45.Bc4 Kd7 46.f4 Kc6 47.f5 Kc5 48.g5 hxg5 49.hxg5 Bd2 50.g6 Bg5 51.Bf7 Kb4
52.Kh3 Kxa4 53.Kg4 Be7 54.Be3 Ne2 55.Bh6 Bf6 56.Bg5 Bxg5 57.Kxg5 Nc3 58.Bd5 Nxd5
59.exd5 e4 60.Kf4  1-0

[Event "17th Battle of Senta"]
[Site "Senta SRB"]
[Date "2013.07.16"]
[Round "5.6"]
[White "Andrijevic,M"]
[Black "Lazic,Mir"]
[Result "1/2-1/2"]
[WhiteElo "2322"]
[BlackElo "2467"]

1.e4 d6 2.d4 Nf6 3.Nc3 e5 4.dxe5 dxe5 5.Qxd8+ Kxd8 6.Bc4 Ke8 7.f3 c6 8.a4 a5
9.Be3 Na6 10.Nge2 Bc5 11.Nd1 Nd7 12.Bxc5 Naxc5 13.Ne3 Nb6 14.b3 f6 15.O-O-O Ke7
16.g4 Nxc4 17.Nxc4 Be6 18.Ne3 g6 19.h4 Raf8 20.Ng3 Rd8 21.Rxd8 Rxd8 22.h5 Bf7
23.hxg6 hxg6 24.g5 fxg5 25.Rh7 Nd7 26.Ng4 Nf6 27.Nxf6 Kxf6 28.Nf1 g4 29.fxg4 Rd7
30.Ne3 Kg5 31.Nc4 Kf4 32.g5 b5 33.Nxa5 Kxe4 34.Nxc6 bxa4 35.bxa4 Be6 36.Rxd7 Bxd7
37.Ne7 Bxa4 38.Nxg6 Kf5 39.Nxe5  1/2-1/2

[Event "XV Sant Marti Open A"]
[Site "Barcelona ESP"]
[Date "2013.07.17"]
[Round "5.27"]
[White "Salazar,Au"]
[Black "Valdes,Le"]
[Result "1/2-1/2"]
[WhiteElo "2200"]
[BlackElo "2444"]

1.e4 d6 2.d4 Nf6 3.Nc3 e5 4.Nf3 exd4 5.Qxd4 Be7 6.Bf4 O-O 7.Bc4 Nc6 8.Qd2 a6
9.a4 Bg4 10.Nd4 Nxd4 11.Qxd4 b5 12.h3 Bd7 13.Be2 c5 14.Qd3 b4 15.Nd1 Bc6
16.Bf3 d5 17.e5 Ne4 18.Bxe4 dxe4 19.Qg3 Bh4 20.Qg4 Re8 21.O-O g6 22.Ne3 h5
23.Qe2 Bg5 24.Bg3 Qe7 25.Rfd1 Red8 26.Rxd8+ Qxd8 27.Rd1 Qf8 28.b3 h4 29.Bh2 Rd8
30.Rd6 Bb7 31.Nc4 Be7 32.Rb6 Qh6 33.Ne3 Bc8 34.Rc6 Bf8 35.Rf6 Bg7 36.Bf4 Qh8
37.Rd6 Rxd6 38.exd6 Be5 39.Bxe5 Qxe5 40.Qd1 Bd7 41.Nc4 Qf4 42.Ne3 Qe5 43.Nc4 Qf4
44.Nb6 e3 45.fxe3 Qxe3+ 46.Kh1 Bxh3 47.d7 Bxg2+ 48.Kxg2 Qg3+ 49.Kf1 Qh3+
50.Ke1 Qg3+ 51.Kf1 Qh3+ 52.Ke2 Qg4+ 53.Ke1 Qg1+ 54.Ke2 Qg4+ 55.Ke1  1/2-1/2

[Event "XV Sant Marti Open A"]
[Site "Barcelona ESP"]
[Date "2013.07.17"]
[Round "5.42"]
[White "Castillo Escario,Y"]
[Black "Basencyan,M"]
[Result "0-1"]
[WhiteElo "1997"]
[BlackElo "2130"]

1.e4 d6 2.d4 Nf6 3.Nc3 e5 4.Nf3 Nbd7 5.Bc4 Be7 6.O-O O-O 7.dxe5 dxe5 8.Qe2 c6
9.Rd1 b5 10.Nxe5 Qc7 11.Nxd7 Bxd7 12.e5 bxc4 13.exf6 Bxf6 14.Qxc4 Be6 15.Bf4 Qb7
16.Qf1 Qxb2 17.Ne4 Be7 18.c4 Rfd8 19.Bd6 Bxd6 20.Nxd6 Qa3 21.Rd3 Qa4 22.Qd1 Qxd1+
23.Raxd1 Rab8 24.a3 Bxc4 25.Rd4 Bd5 26.Nc4 Rdc8 27.h3 g6 28.Ne3 Be6 29.Rc1 c5
30.Ra4 Rb7 31.Nc4 Rd8 32.Ne3 Rd4 33.Ra5 c4 34.Rc5 Rbd7 35.Kh2 Rd2 36.Kg3 R7d3
37.a4 Ra3 38.a5 Rda2 39.Kf3 Rxa5 40.Rxa5 Rxa5 41.Rc2 Rc5 42.Ke4 Kg7 43.Kd4 Rc7
44.Rc3 Rd7+ 45.Ke5 a5 46.Ra3 Rd2 47.Rxa5 Rxf2 48.Rc5 h5 49.Kd4 Rd2+ 50.Ke4 Ra2
51.Kd4 Ra1 52.Rc6 Rg1 53.Rc5 Kf6 54.Ke4 Ke7 55.Kd4 Ra1 56.Ke5 f6+ 57.Kd4 Kd6
58.Rb5 Ra6 59.Rb8 Rc6 60.Rb1 c3 61.Rc1 h4 62.Rc2 Bf5 63.Rxc3 Rxc3 64.Kxc3 Ke5
65.Kd2 Kf4 66.Ke2 Kg3 67.Kf1 Bd3+ 68.Kg1 f5 69.Nd5 f4 70.Nc3 g5 71.Kh1 f3
72.gxf3 Kxh3  0-1

[Event "Czech Open G1 Rapid 2013"]
[Site "Pardubice CZE"]
[Date "2013.07.17"]
[Round "1.26"]
[White "Horvath,Cs2"]
[Black "Neuman,P"]
[Result "0-1"]
[WhiteElo "2208"]
[BlackElo "2522"]

1.e4 d6 2.d4 Nf6 3.Nc3 e5 4.Nf3 Nbd7 5.Bc4 Be7 6.O-O O-O 7.Re1 c6 8.a4 a5
9.h3 Nb6 10.Bb3 Nfd7 11.Be3 exd4 12.Nxd4 Nc5 13.Qh5 Nxb3 14.cxb3 g6 15.Qh6 Nd7
16.Rad1 Re8 17.Nf3 Bf8 18.Qf4 Qe7 19.Qg3 Ne5 20.Nd4 Bg7 21.Bg5 Qf8 22.f4 Nd7
23.f5 Be5 24.Qh4 f6 25.Bh6 g5 26.Bxf8 gxh4 27.Bh6 Nc5 28.Rf1 Kf7 29.Bf4 Ra6
30.Bxe5 dxe5 31.Nf3 Rb6 32.Nxh4 Rxb3 33.Rd2 Rb4 34.Re1 Ke7 35.Nf3 Rd8 36.Rxd8 Kxd8
37.g4 Rxb2 38.g5 Ke7 39.gxf6+ Kxf6 40.Nh2 h5 41.Rd1 Rc2 42.Rd6+ Ke7  0-1

[Event "Czech Open G1 Rapid 2013"]
[Site "Pardubice CZE"]
[Date "2013.07.17"]
[Round "3.38"]
[White "Matsenko,A"]
[Black "Turner,Ja"]
[Result "1-0"]
[WhiteElo "2235"]
[BlackElo "2362"]

1.e4 d6 2.d4 Nf6 3.Nc3 e5 4.Nge2 exd4 5.Nxd4 Be7 6.Be2 O-O 7.O-O Re8 8.f4 Bf8
9.Bf3 c5 10.Nde2 Nc6 11.Kh1 Bg4 12.Ng3 Bxf3 13.Rxf3 d5 14.exd5 Nb4 15.a3 Nbxd5
16.Nxd5 Qxd5 17.Rd3 Qc6 18.b3 Ng4 19.Qf1 c4 20.Rf3 Bc5 21.h3 Ne3 22.Bxe3 Bxe3
23.bxc4 Bb6 24.Rd1 Rad8 25.Rfd3 Qxc4 26.Qf3 Rxd3 27.cxd3 Qb3 28.Qg4 g6 29.f5 Re3
30.f6 Qe6 31.Ne4 Qxg4 32.hxg4 h6 33.Nd6 Re6 34.Ne4 Bd4 35.Rc1 Bxf6 36.Rc7 Bd4
37.Rxb7 Ra6 38.Rb4 Bb6 39.a4 Ra5 40.Kh2 Re5 41.Kg3 Kg7 42.Rb5 Re7 43.Kf3 Rd7
44.Ke2 Rc7 45.Kd2 Bd4 46.Rd5 Bb2 47.a5 Kf8 48.d4 Ke7 49.Re5+ Kf8 50.Rd5 Kg7
51.Kd3 Kf8 52.Nc5 Ba3 53.Kc4 Ke7 54.Kb5 Bb2 55.a6 f6 56.Nd3 Ba3 57.Nf4 g5
58.Nd3 Bd6 59.Nc5 Bf4 60.Nb7 Rc2 61.Nc5 Rb2+ 62.Kc4 Bd6 63.Ne4 Bc7 64.Rb5 Rxb5
65.Kxb5 Bb6 66.d5 Bd4 67.Kc6 Kd8 68.Nd6 Bb6 69.Nf7+ Ke7 70.Nxh6  1-0

[Event "Czech Open G1 Rapid 2013"]
[Site "Pardubice CZE"]
[Date "2013.07.17"]
[Round "3.43"]
[White "Vala,F"]
[Black "Krapivin,Vl"]
[Result "0-1"]
[WhiteElo "2110"]
[BlackElo "2340"]

1.e4 d6 2.d4 Nf6 3.Nc3 e5 4.Be3 Be7 5.Qd2 Ng4 6.Nf3 Nxe3 7.Qxe3 exd4 8.Nxd4 c6
9.O-O-O Qa5 10.Bc4 O-O 11.f4 Na6 12.g4 Re8 13.g5 Bd7 14.h4 b5 15.Bb3 b4 16.Nce2 c5
17.Nf3 Be6 18.h5 c4 19.g6 cxb3 20.axb3 Rac8 21.Kb1 Bf6 22.f5 Bxf5 23.gxf7+ Kxf7
24.Rxd6 Rxe4 25.Qxa7+ Rc7 26.Qf2 Rxc2 27.Ng5+ Ke7 28.Qa7+ Rc7 29.Qxa6 Rxe2+  0-1

[Event "Czech Open G1 Rapid 2013"]
[Site "Pardubice CZE"]
[Date "2013.07.18"]
[Round "5.40"]
[White "Matsenko,A"]
[Black "Krapivin,Vl"]
[Result "0-1"]
[WhiteElo "2235"]
[BlackElo "2340"]

1.e4 d6 2.d4 Nf6 3.Nc3 e5 4.Nge2 Be7 5.g3 O-O 6.Bg2 c6 7.a4 a5 8.O-O Na6
9.h3 Nb4 10.Kh2 Re8 11.Be3 Bf8 12.g4 Qc7 13.Ng3 g6 14.f4 exd4 15.Bxd4 Bg7
16.g5 Nd7 17.Bxg7 Kxg7 18.h4 h6 19.gxh6+ Kxh6 20.f5 Qd8 21.Qd2+ Kg7 22.fxg6 fxg6
23.Qxd6 Qxh4+ 24.Kg1 Nf6 25.Rf4 Ng4 26.Qd4+ Kg8 27.Qd6 Qh2+ 28.Kf1 Ne3+ 29.Kf2 Qxg2+
30.Kxe3 Qxg3+ 31.Kd2 Qg2+ 32.Ne2 Be6 33.Rg1 Rad8 34.Rxg2 Rxd6+ 35.Kc3 Na2+  0-1

[Event "Czech Open G1 Rapid 2013"]
[Site "Pardubice CZE"]
[Date "2013.07.18"]
[Round "5.37"]
[White "Yakimenko,Alex"]
[Black "Turner,Ja"]
[Result "0-1"]
[WhiteElo "2208"]
[BlackElo "2362"]

1.d4 d6 2.e4 Nf6 3.Nc3 e5 4.Nf3 exd4 5.Qxd4 Nc6 6.Bb5 Bd7 7.Bxc6 Bxc6 8.Bg5 Be7
9.O-O-O O-O 10.e5 dxe5 11.Qxe5 Bd6 12.Qf5 Qd7 13.Nd4 Ng4 14.Rhf1 h6 15.Bh4 Qxf5
16.Nxf5 Nxh2 17.Rfe1 Ng4 18.Nxd6 cxd6 19.f3 Ne5 20.Be7 Rfe8 21.Bxd6 Ng6 22.Bg3 a6
23.Ne4 Bxe4 24.fxe4 Re7 25.Bd6 Re6 26.Bg3 Rae8 27.Rd7 Rxe4 28.Rxe4 Rxe4 29.Rxb7 Rg4
30.Bd6 Rxg2 31.c4 Nh4 32.c5 Nf5 33.Be5 Re2 34.Bc3 Re6 35.Rb6 Ne7 36.Rb8+ Kh7
37.b4 h5 38.a4 h4 39.b5 axb5 40.axb5 h3 41.c6 h2 42.c7 h1=Q+ 43.Kb2 Re2+
44.Kb3 Qd5+ 45.Kb4  0-1

[Event "Czech Open G1 Rapid 2013"]
[Site "Pardubice CZE"]
[Date "2013.07.18"]
[Round "8.30"]
[White "Krasovskiy,Kirill"]
[Black "Turner,Ja"]
[Result "0-1"]
[WhiteElo "2045"]
[BlackElo "2362"]

1.e4 d6 2.d4 Nf6 3.Nc3 e5 4.Nf3 exd4 5.Nxd4 Be7 6.Be2 O-O 7.O-O Re8 8.f4 c5
9.Nf3 Nc6 10.Re1 Bf8 11.Bd3 Qb6 12.Na4 Qa5 13.c4 Bg4 14.Nc3 Nd4 15.Be3 a6
16.Rf1 b5 17.cxb5 Nxb5 18.Nxb5 axb5 19.h3 Bf5 20.e5 Bxd3 21.Qxd3 c4 22.Qf5 g6
23.Qc2 Nd5 24.Bd4 Nxf4 25.Qe4 Ne6 26.exd6 Nxd4 27.Qxd4 Qa7 28.Rad1 Red8 29.Qxa7 Rxa7
30.Rd5 Rxd6 31.Rxb5 Rxa2 32.Ne5 Ra7 33.Nxc4 Rc6 34.Ne5 Rc2 35.Rb8 Kg7 36.Nd3 Rd7
37.Rf3 Rd2 38.Rb3 Bd6 39.Kf1 Re7 40.Nf2 Bc5  0-1

[Event "8th Nana Aleksandria"]
[Site "Poti GEO"]
[Date "2013.07.18"]
[Round "6.7"]
[White "Babaev,T"]
[Black "Gamzardia,G"]
[Result "1-0"]
[WhiteElo "2400"]
[BlackElo "2156"]

1.e4 d6 2.d4 Nf6 3.Nc3 e5 4.Nf3 exd4 5.Qxd4 a6 6.Bg5 Be7 7.h3 Nc6 8.Qe3 h6
9.Bf4 Be6 10.O-O-O Qc8 11.g4 Nd7 12.Nd5 Bd8 13.Bg2 Nce5 14.Nd4 c6 15.Nc3 Qc7
16.Nf5 Bxf5 17.exf5 O-O 18.Qg3 Qb6 19.Rxd6 Nc4 20.Na4 Qa5 21.Rxd7 b5 22.b3 bxa4
23.bxc4 Re8 24.Bd2 Qc5 25.Re1 Bf6 26.Bf1 Qb6 27.Rxe8+ Rxe8 28.Bc3 Be7 29.c5 Qxc5
30.f4 Qa3+ 31.Kd2 Bc5 32.Bc4 Re3 33.Bxf7+ Kf8 34.Bxg7+ Kxg7 35.Bc4+ Kh8 36.Rd8+ Kh7
37.Bg8+ Kh8 38.Bb3+ Kh7 39.Rd7+ Re7 40.Qd3 Qb4+ 41.c3 Qxf4+ 42.Kd1 Kg7 43.Be6 Rxd7
44.Qxd7+ Kf6 45.Qd8+ Ke5 46.Qc7+ Bd6 47.Qg7+ Ke4 48.Qd4+ Kf3 49.Qxf4+ Kxf4
50.Bd7 Be5 51.Kd2 c5 52.Kd3 Bf6 53.Bxa4 Kg3 54.c4 Kxh3 55.Bd1 Kh4 56.Ke4 Kg5
57.Kd5 Bd4 58.Kc6 Kf6 59.Kb6 Ke7 60.Kxa6 Kd6 61.Kb5 Kc7 62.a4 Kb7 63.Bf3+ Ka7
64.a5 Bc3 65.a6 Bd4 66.Bb7  1-0

[Event "XV Sant Marti Open A"]
[Site "Barcelona ESP"]
[Date "2013.07.19"]
[Round "7.41"]
[White "Ridameya Tatche,J"]
[Black "Basencyan,M"]
[Result "1/2-1/2"]
[WhiteElo "1991"]
[BlackElo "2130"]

1.e4 d6 2.d4 Nf6 3.Nc3 Nbd7 4.Bg5 e5 5.Nf3 Be7 6.Bc4 O-O 7.Qd2 c6 8.dxe5 dxe5
9.O-O b5 10.Bd3 Qc7 11.a4 b4 12.Ne2 a5 13.Ng3 Nc5 14.Bxf6 Bxf6 15.Bc4 g6
16.Qe3 Ne6 17.h4 Nd4 18.Nxd4 exd4 19.Qd2 Be6 20.Bxe6 fxe6 21.h5 c5 22.hxg6 hxg6
23.f4 Bg5 24.Ne2 Bh6 25.Rf3 e5 26.Raf1 Qc6 27.Rh3 Kg7 28.Rxh6 Kxh6 29.f5+ Kg7
30.Ng3 Rf6 31.Qg5 Rh8 32.Rf3 Qxa4 33.fxg6 Qa1+ 34.Kf2 Rxf3+ 35.Kxf3 Qd1+
36.Kf2 Qxc2+ 37.Kf3 Qd1+ 38.Kf2 Qc2+ 39.Kf3 Qd1+ 40.Kf2  1/2-1/2

[Event "12th Bergamo Open"]
[Site "Bergamo ITA"]
[Date "2013.07.19"]
[Round "2.8"]
[White "Buiano,F"]
[Black "Solomon,K"]
[Result "0-1"]
[WhiteElo "2029"]
[BlackElo "2410"]

1.e4 d6 2.d4 Nf6 3.Nc3 e5 4.dxe5 dxe5 5.Qxd8+ Kxd8 6.Bc4 Ke8 7.Nf3 Bd6 8.O-O a6
9.a4 Bg4 10.Be2 Nbd7 11.Nd2 Be6 12.Bc4 Nc5 13.f3 Bd7 14.Rd1 Ne6 15.Nf1 Nd4
16.Ne3 c6 17.a5 Rd8 18.Na4 Be6 19.Bxe6 fxe6 20.Bd2 Rf8 21.Be1 g5 22.b4 g4
23.c3 Ne2+ 24.Kf1 gxf3 25.gxf3 Nf4 26.Nc4 Be7 27.Rxd8+ Kxd8 28.Rd1+ Ke8 29.Nxe5 Rg8
30.Nc5 Bxc5 31.bxc5 Rg5 32.Bh4 Rxe5 33.Bxf6 Rxc5 34.Rd8+ Kf7 35.Bd4 Rxa5
36.Rd7+ Kg6 37.Rg7+ Kh6 38.Rxb7 e5 39.Be3 Ra1+ 40.Kf2 Ra2+ 41.Kf1 Ra1+ 42.Kf2 Ra2+
43.Kf1 Ra3 44.Bd2 Ra1+ 45.Kf2 Ra2 46.Ke1 Kg6 47.Bxf4 exf4 48.Rb6 Rxh2 49.Rxc6+ Kg5
50.Rxa6 Rc2 51.Ra5+ Kh4 52.Ra7 Kg3 53.Rxh7 Rxc3 54.Ke2 Re3+ 55.Kd2 Kxf3 56.Rh3+ Kf2
57.Rh2+ Kf1 58.Rh4 Rxe4 59.Kd3 Ra4 60.Rh2 Kg1 61.Rc2 f3 62.Rc5 Ra3+ 63.Kd2 Kf2
64.Rg5 Ra2+ 65.Kd1 Kf1 66.Rg3 Kf2 67.Rg7 Ra8 68.Kd2 Rd8+ 69.Kc2 Kf1 70.Rg3 f2
71.Rg6 Rd5 72.Rf6 Ke2 73.Re6+ Kf3 74.Rf6+ Ke3 75.Kc1 Rd4 76.Re6+ Re4 77.Rf6 Rf4  0-1

[Event "12th Bergamo Open"]
[Site "Bergamo ITA"]
[Date "2013.07.19"]
[Round "2.1"]
[White "Napoli,N"]
[Black "Ivanisevic,I"]
[Result "0-1"]
[WhiteElo "2291"]
[BlackElo "2649"]

1.d4 d6 2.e4 Nf6 3.Nc3 e5 4.Nf3 Nbd7 5.h3 c6 6.a4 Be7 7.a5 O-O 8.Be2 Re8
9.O-O Bf8 10.dxe5 dxe5 11.Bc4 h6 12.Be3 Bb4 13.Ne2 Nxe4 14.Bxf7+ Kxf7 15.Qd3 Nef6
16.Qb3+ Nd5 17.Rfd1 Qe7 18.a6 Nc5 19.Bxc5 Bxc5 20.Nc3 bxa6 21.Nxd5 cxd5 22.Qxd5+ Be6
23.Qxe5 Rad8 24.Re1 Bb6 25.Rxa6 Qc5 26.Qxc5 Bxc5 27.Ne5+ Kg8 28.Rc6 Bb6 29.Nd3 Bf5  0-1

[Event "Horsens Lang Weekend 2013"]
[Site "Horsens DEN"]
[Date "2013.07.19"]
[Round "3.14"]
[White "Nielsen,Viktor"]
[Black "Andersen,V"]
[Result "1-0"]
[WhiteElo "1853"]
[BlackElo "1712"]

1.e4 d6 2.d4 Nf6 3.Nc3 c6 4.Bd3 e5 5.Nge2 Nbd7 6.O-O Be7 7.a4 a5 8.h3 O-O
9.Be3 Re8 10.f3 Nf8 11.dxe5 dxe5 12.Bc4 Qc7 13.Qe1 Ng6 14.Qf2 Nd7 15.Rad1 b6
16.f4 Rf8 17.f5 Nh8 18.Qg3 Bf6 19.Bg5 Bxg5 20.Qxg5 Nf6 21.Rd3 Qe7 22.Rg3 g6
23.fxg6 Nxg6 24.Rxf6 Qc5+ 25.Kh2 Qxc4 26.h4 Kh8 27.h5 Rg8 28.hxg6 Rxg6 29.Qxe5 Be6
30.Rfxg6+  1-0

[Event "7th LCT 2013"]
[Site "Leiden NED"]
[Date "2013.07.19"]
[Round "7.5"]
[White "Van den Doel,E"]
[Black "Hasangatin,R"]
[Result "1/2-1/2"]
[WhiteElo "2582"]
[BlackElo "2489"]

1.e4 d6 2.d4 Nf6 3.Nc3 e5 4.Nf3 Nbd7 5.Bc4 Be7 6.O-O O-O 7.a4 c6 8.Re1 exd4
9.Nxd4 Ne5 10.Bb3 Re8 11.h3 Bd7 12.Be3 c5 13.Nf3 Ng6 14.Ng5 Rf8 15.f4 Bc6
16.Qd3 Nh5 17.Qd2 Bf6 18.Rad1 h6 19.f5  1/2-1/2

[Event "Yinzhou Cup CHN-USA"]
[Site "Ningbo CHN"]
[Date "2013.07.19"]
[Round "1.2"]
[White "Wang Jue"]
[Black "Foisor,S"]
[Result "1-0"]
[WhiteElo "2399"]
[BlackElo "2281"]

1.e4 d6 2.d4 Nf6 3.Nc3 e5 4.Nf3 Nbd7 5.Bc4 Be7 6.O-O O-O 7.Re1 c6 8.a4 a5
9.h3 exd4 10.Qxd4 Nb6 11.Bd3 Nfd7 12.Bf4 Nc5 13.Bh2 Nxd3 14.Qxd3 f5 15.exf5 Bxf5
16.Qe3 Bf6 17.Nd4 Bxd4 18.Qxd4 d5 19.Re2 Nd7 20.Bd6 Qf6 21.Qxf6 Rxf6 22.Bc7 Re6
23.Rxe6 Bxe6 24.Ne2 c5 25.g4 Bf7 26.Rd1 h6 27.Nf4 d4 28.Re1 Nf6 29.Re5 c4
30.Rxa5 Rxa5 31.Bxa5 Be8 32.Ne2 d3 33.cxd3 cxd3 34.Nf4 Bxa4 35.Nxd3 g5 36.f3 Nd5
37.Bd2 Kg7 38.Kf2 Kf6 39.Nc5 Bc6 40.Ne4+ Kg6 41.Kg3 Nf6 42.Nc5 Nd7 43.Ne6 Ne5
44.Nd4 Bd5 45.f4 gxf4+ 46.Bxf4 Nd3 47.Nf5 Be6 48.Nd4 Bd5 49.b3 h5 50.g5 Nc5
51.b4 Ne4+ 52.Kh4 Nf2 53.Be3 Nd1 54.Bd2 Nf2 55.Be3 Nd1 56.Bd2 Nf2 57.b5 Ne4
58.Bf4 Nf2 59.b6 Nd3 60.Kg3 Nc5 61.h4 Ne6 62.Ne2 Ng7 63.Bc7 Bc6 64.Nf4+ Kf5
65.Bd6 Ke4 66.Bc7 Nf5+ 67.Kh3 Bd7 68.Kh2 Ng7 69.Kg3 Nf5+ 70.Kf2 Ng7 71.Ne2 Kf5
72.Ng3+ Kg4 73.Ne4 Kxh4 74.Bg3+ Kh3 75.Nc5 Bc6 76.Be5 Nf5 77.g6 Ne7 78.g7 Kg4
79.Bd6 Ng8 80.Nd3 Kf5 81.Kg3 Ke6 82.Bf8 Kf6 83.Kh4 Bf3 84.Nf4 Kf7 85.Kg5 Nf6
86.Ng6 Be4 87.Ne5+ Ke6 88.Nc4 Bd5 89.Nd6 Bc6 90.Nf5 Ng8 91.Nd4+ Kd5 92.Nxc6 Kxc6
93.Kxh5 Kxb6 94.Kg6 Kc6 95.Bb4 Kd5 96.Kf7 Nh6+ 97.Kf8  1-0

[Event "Czech Open A 2013"]
[Site "Pardubice CZE"]
[Date "2013.07.19"]
[Round "1.23"]
[White "Feldtmann,T"]
[Black "Neuman,P"]
[Result "0-1"]
[WhiteElo "2280"]
[BlackElo "2522"]

1.d4 d6 2.e4 Nf6 3.Nc3 e5 4.dxe5 dxe5 5.Qxd8+ Kxd8 6.Bg5 Be6 7.O-O-O+ Nd7
8.g3 Kc8 9.f4 h6 10.Bxf6 Nxf6 11.Nf3 Ng4 12.f5 Bd7 13.Bc4 Bd6 14.Rde1 Be8
15.h3 Nf6 16.g4 c6 17.g5 hxg5 18.Nxg5 Rf8 19.a3 Kd7 20.h4 Ke7 21.Nf3 b5 22.Bb3 Bc7
23.Rhg1 Nh5 24.Ne2 Rh8 25.Ng3 Bb6 26.Rg2 Nxg3  0-1

[Event "Thracian Princess ch-BUL Open w 2013"]
[Site "Vratsa BUL"]
[Date "2013.07.19"]
[Round "7.3"]
[White "Stefanova,M"]
[Black "Voiska,M"]
[Result "1/2-1/2"]
[WhiteElo "1989"]
[BlackElo "2237"]

1.e4 d6 2.d4 Nf6 3.Nc3 e5 4.Nf3 Nbd7 5.h3 Be7 6.Bc4 O-O 7.O-O a6 8.a4 b6
9.Bxf7+ Rxf7 10.Ng5 Nf8 11.Nxf7 Kxf7 12.dxe5 dxe5 13.Qxd8 Bxd8 14.f4 Ng6
15.fxe5 Nxe5 16.Bf4 Ke6 17.Ne2 c5 18.Bg3 Ng6 19.Rad1 Be7 20.Nc3 Bb7 21.Bc7 b5
22.axb5 axb5 23.Nxb5 Bxe4 24.Rde1 Kd7 25.c4 Bc6 26.Rd1+ Kc8 27.Bd6 Bxb5 28.cxb5 Ra5
29.b6 Bd8 30.b4 cxb4 31.Rc1+ Kb7 32.Bc7 Be7 33.Kh2 Bc5 34.Rc4 Bxb6  1/2-1/2

[Event "28th Avoine Open"]
[Site "Avoine FRA"]
[Date "2013.07.20"]
[Round "1.34"]
[White "Dessenne,F"]
[Black "Naudion,G"]
[Result "0-1"]
[WhiteElo "2017"]
[BlackElo "2211"]

1.e4 d6 2.d4 Nf6 3.Nc3 Nbd7 4.Nf3 e5 5.Bc4 Be7 6.O-O O-O 7.a4 a6 8.h3 b6
9.Be3 Bb7 10.d5 Kh8 11.Nh2 c6 12.Ng4 b5 13.axb5 cxb5 14.Bd3 Nxg4 15.hxg4 Bg5
16.Qd2 Bxe3 17.Qxe3 Qh4 18.f3 g6 19.Ne2 f6 20.g3 Qg5 21.Kf2 Nc5 22.Qxg5 fxg5
23.Ke3 Kg7 24.f4 exf4+ 25.gxf4 Rae8 26.b4 Nxe4 27.Bxe4 Bxd5 28.Nc3 Bxe4 29.Nxe4 d5  0-1